000 00664nam a2200193Ia 4500
003 GCL
008 140319s9999 xx 000 0 ara d
040 _aGCL /
_cGCL
082 0 4 _aط
_b922.1
_bع م
100 1 _aعبدالمنعم قنديل
245 1 0 _aمنصور الاندلس او محمد بن ابى عامر /
_cعبدالمنعم قنديل
700 1 _aعلى الجمبلاطى
260 _aالقاهرة :
_bدار نهضة مصر للطبع والنشر
300 _a140 ص ؛
_c22سم
650 0 4 _aالرجال - تراجم
650 0 4 _aمحمد بن ابى عامر
650 0 4 _aالاسلام فى الاندلس
942 _2ddc
_cBK
999 _c44249
_d44249